[Event "AUT-chT2S 9495"]
[Site "?"]
[Date "1995.??.??"]
[Round "5"]
[White "Cigan, Stefan"]
[Black "Vombek, Dani"]
[Result "1-0"]
[WhiteElo "2365"]
[BlackElo "2275"]

1.Nf3 c5 2.c4 Nf6 3.Nc3 b6 4.e4 d6 5.d4 cxd4 6.Nxd4 Bb7 7.Bd3 Nbd7 8.Qe2 e6
9.O-O Be7 10.b3 O-O 11.Bb2 Re8 12.Rad1 a6 13.Bb1 Qc7 14.Kh1 Rac8 15.f4 Qb8
16.Nf3 g6 17.Ng5 h6 18.Nxf7 Kxf7 19.e5 Nh7 20.f5 gxf5 21.Bxf5 Kg7 22.Bxh7 Kxh7
23.Qd3+ Kg7 24.Rf7+ Kxf7 25.Qh7+ Kf8 26.Rf1+ Nf6 27.exf6 Bxg2+ 28.Kg1  1-0

[Event "AUT-chT2S 9495"]
[Site "?"]
[Date "1995.??.??"]
[Round "6"]
[White "Kastner, Walter"]
[Black "Weiss, Leo"]
[Result "1/2-1/2"]
[WhiteElo "2220"]
[BlackElo "2245"]

1.Nf3 Nf6 2.c4 c5 3.Nc3 g6 4.g3 Bg7 5.Bg2 O-O 6.O-O d6 7.d3 Nc6 8.Rb1 Bf5
9.a3 Qd7 10.Re1 e5 11.Ng5 h6 12.Nge4 Nxe4 13.Bxe4 Bh3 14.b4 cxb4 15.axb4 f5
16.Bd5+ Kh7 17.Bg2 f4 18.Ne4 Nd4 19.Bh1 Rf7 20.Bb2 Raf8 21.Bxd4 exd4 22.Bg2 Be5
23.Rf1 Bf5 24.Qb3 Bg4 25.Qa2 Bxe2 26.Qxe2 f3 27.Qd1 fxg2 28.Kxg2 d5 29.cxd5 Qxd5  1/2-1/2

[Event "AUT-chT9495"]
[Site "?"]
[Date "1995.??.??"]
[Round "?"]
[White "Pils, Walter"]
[Black "Mahdi, Khaled"]
[Result "1/2-1/2"]
[WhiteElo "2355"]
[BlackElo "2425"]

1.c4 Nf6 2.Nf3 c5 3.Nc3 g6 4.g3 Bg7 5.Bg2 O-O 6.O-O d6 7.d3 Nc6 8.a3 Ne8
9.Bd2 Nc7 10.Rb1 a5 11.Ne1 Bd7 12.Nc2 Ne6 13.b4 axb4 14.axb4 cxb4 15.Nxb4 Nxb4
16.Rxb4 Bc6 17.Nd5 Ra2 18.Nc3 Ra6 19.Nd5 Ra2 20.Nc3 Ra6 21.Nd5 Ra2  1/2-1/2

[Event "Bad Ragaz op"]
[Site "Bad Ragaz"]
[Date "1995.??.??"]
[Round "?"]
[White "Sher, Miron N"]
[Black "Ballmann, Martin"]
[Result "1-0"]
[WhiteElo "2510"]
[BlackElo "2325"]

1.c4 Nf6 2.Nc3 e6 3.Nf3 c5 4.e3 Be7 5.d4 cxd4 6.exd4 d5 7.cxd5 Nxd5 8.Bd3 Nc6
9.O-O O-O 10.Re1 Bf6 11.Be4 Nb6 12.Be3 Nb4 13.Qb3 N4d5 14.Rac1 a5 15.Bb1 a4
16.Qc2 g6 17.Bh6 Bg7 18.Bg5 Bf6 19.Bh6 Bg7 20.Bxg7 Kxg7 21.Ne4 Bd7 22.Nc5 Rc8
23.Qd2 Rc7 24.Ne5 Qe7 25.Nexd7 Nxd7 26.Nxa4 Rfc8 27.Rxc7 Rxc7 28.Be4 N7f6
29.Bf3 Qe8 30.Nc5 b6 31.Ne4 Qc8 32.Nxf6 Nxf6 33.g3 Rc4 34.Rd1 Ra4 35.a3 Rc4
36.Qd3 Rc1 37.Kg2 Rc4 38.Qb3 Qc7 39.Rd3 Nd5 40.Qb5 Rc2 41.Rb3 Qd6 42.Bxd5 exd5
43.Qxb6 Qe7 44.Qb7 Qe6 45.Rf3 Rd2 46.Qb4 Rd1 47.Re3 Qf5 48.Re1 Rd3 49.Qe7 Qf3+
50.Kg1 Rd1 51.Qe5+ f6 52.Qe7+ Kh6 53.Rxd1 Qxd1+ 54.Kg2 f5 55.Qf8+ Kh5 56.Qf7 h6
57.Qxd5 g5 58.Qf7+  1-0

[Event "Badalona op"]
[Site "Badalona"]
[Date "1995.??.??"]
[Round "3"]
[White "Gouret, Thierry"]
[Black "Marin, Mihail"]
[Result "0-1"]
[WhiteElo "2285"]
[BlackElo "2540"]

1.Nf3 c5 2.c4 Nf6 3.Nc3 e6 4.e3 b6 5.d4 cxd4 6.exd4 Bb7 7.Bg5 h6 8.Bh4 Be7
9.Bd3 O-O 10.O-O Nc6 11.Re1 d5 12.Bxf6 Bxf6 13.cxd5 Nxd4 14.Nxd4 Bxd4 15.dxe6 fxe6
16.Re2 Qf6 17.Qe1 Bxg2 18.Be4 Bxe4 19.Nxe4 Qg6+ 20.Kh1 Rf4 21.Rd1 e5 22.Rd3 Rxe4
23.Rxe4 Bxf2 24.Rg3 Qxg3 25.hxg3 Bxe1 26.Rxe1 Rd8 27.Rxe5 Rd1+ 28.Kg2 Rd2+
29.Kf3 Rxb2 30.a4 Rb3+  0-1

[Event "Badalona op"]
[Site "Badalona"]
[Date "1995.??.??"]
[Round "8"]
[White "Marin, Mihail"]
[Black "Spassov, Liuben"]
[Result "1/2-1/2"]
[WhiteElo "2520"]
[BlackElo "2450"]

1.c4 c5 2.Nf3 Nf6 3.Nc3 d5 4.cxd5 Nxd5 5.g3 Nc6 6.Bg2 Nc7 7.Qa4 Bd7 8.Qe4 g6
9.Ne5 Bg7 10.Nxd7 Qxd7 11.O-O Ne6 12.Rb1 O-O 13.a3 Rac8 14.b4 b6 15.f4 Rfd8
16.f5 Qd4+ 17.e3 Qxe4 18.Nxe4 gxf5 19.Rxf5 c4 20.a4 Rd3 21.Rf1 h6  1/2-1/2

[Event "Badalona op"]
[Site "Badalona"]
[Date "1995.??.??"]
[Round "9"]
[White "Pogorelov, Ruslan"]
[Black "Marin, Mihail"]
[Result "1/2-1/2"]
[WhiteElo "2445"]
[BlackElo "2520"]

1.Nf3 c5 2.c4 Nf6 3.Nc3 e6 4.g3 b6 5.Bg2 Bb7 6.O-O a6 7.d4 cxd4 8.Qxd4 d6
9.Bg5 Nbd7 10.Nd2 Bxg2 11.Kxg2 Be7 12.Nde4 Qc7 13.Rad1 O-O 14.Nxd6 Rfd8 15.Nce4 h6
16.Bh4 Bxd6 17.Nxd6 g5 18.Bxg5 hxg5 19.h4 Qc5 20.hxg5 Qxg5 21.Rh1 Nc5  1/2-1/2

[Event "Hofmann Cup"]
[Site "Baden-Baden"]
[Date "1995.??.??"]
[Round "6"]
[White "Gavrikov, Viktor"]
[Black "Schlosser, Philipp"]
[Result "1-0"]
[WhiteElo "2605"]
[BlackElo "2500"]

1.Nf3 Nf6 2.c4 c5 3.Nc3 d5 4.cxd5 Nxd5 5.e3 e6 6.d4 Nc6 7.Bd3 cxd4 8.exd4 Bb4
9.Bd2 O-O 10.O-O Be7 11.Be3 Ncb4 12.Bb1 Nf6 13.Ne5 b6 14.a3 Nbd5 15.Nc6 Qd7
16.Nxe7+ Nxe7 17.Bg5 Nfd5 18.Qd3 Ng6 19.h4 Re8 20.h5 Nf8 21.h6 g6 22.Qg3 Bb7
23.Qe5 f5 24.Ba2 Qf7 25.Nb5 Nd7 26.Qh2 N7f6 27.Nd6 Qd7 28.Nxe8 Rxe8 29.f3 Qa4
30.Qe5  1-0

[Event "Badenweiler op"]
[Site "Badenweiler"]
[Date "1995.??.??"]
[Round "9"]
[White "Solonar, Stephan"]
[Black "Schlosser, Philipp"]
[Result "1/2-1/2"]
[WhiteElo "2320"]
[BlackElo "2500"]

1.c4 c5 2.Nf3 Nf6 3.Nc3 d5 4.cxd5 Nxd5 5.g3 Nc6 6.Bg2 Nc7 7.d3 e5 8.Nd2 Bd7
9.a4 Be7 10.Nc4 O-O 11.O-O f6 12.f4 exf4 13.gxf4 f5 14.Be3 Be6 15.Bf2 Nd5
16.Nxd5 Bxd5 17.Bxd5+ Qxd5 18.Qb3 Bf6 19.e4 Nd4 20.exd5 Nxb3 21.Ra3 Nd4 22.Bxd4 Bxd4+
23.Kg2 Rfe8 24.Rb3 Re2+ 25.Kf3 Rxh2 26.Rxb7 Rh3+  1/2-1/2

[Event "Regionalliga SO9596"]
[Site "Bayern"]
[Date "1995.??.??"]
[Round "?"]
[White "Lipok, Erik"]
[Black "Wagner, Hans"]
[Result "0-1"]
[WhiteElo "2015"]
[BlackElo "2130"]

1.c4 Nf6 2.Nc3 e6 3.Nf3 c5 4.g3 b6 5.Bg2 Bb7 6.O-O Be7 7.d3 O-O 8.Bf4 d6
9.Qc2 Nbd7 10.Rfd1 a6 11.a4 Rb8 12.b3 Bc6 13.Rab1 h6 14.b4 e5 15.Bc1 cxb4
16.Rxb4 d5 17.cxd5 Nxd5 18.Nxd5 Bxd5 19.Rb1 Bd6 20.Nd2 Be6 21.Qc6 Qe7 22.Ne4 Bb4
23.Bd2 Ba3 24.Bc1 Rfc8 25.Bxa3 Qxa3 26.Qd6 Qxa4 27.Ra1 Qc2 28.Rd2 Qc7 29.Qe7 a5
30.Nd6 Rf8 31.Ne4 b5 32.Rdd1 a4 33.Qb4 Qb6 34.Rdc1 Qd4 35.Qxd4 exd4 36.Nd6 Rb6
37.Bc6 Ne5 38.Bxb5 Rxd6 39.Bxa4 Ra8 40.Bb5  0-1

[Event "Regionalliga SO9596"]
[Site "Bayern"]
[Date "1995.??.??"]
[Round "?"]
[White "Beckert, Stefan"]
[Black "Kislinger, Georg"]
[Result "0-1"]
[WhiteElo "1935"]
[BlackElo "2025"]

1.Nf3 Nf6 2.c4 e6 3.Nc3 c5 4.d4 cxd4 5.Nxd4 a6 6.g3 Qc7 7.Qa4 b6 8.Bg2 Bb7
9.O-O Bxg2 10.Kxg2 Be7 11.e4 O-O 12.Nf3 d6 13.Nd2 Nbd7 14.Qc2 Rfc8 15.f4 b5
16.cxb5 axb5 17.Qd3 b4 18.Nd1 Qb7 19.Qf3 Nc5 20.Nf2 Ra6 21.a3 d5 22.e5 Nfe4
23.Nd3 Nxd3 24.Qxd3 bxa3 25.bxa3 Rc3 26.Rb1 Qc8 27.Rb8 Qxb8 28.Qxa6 Rc2 29.Rd1 Nc3
30.Qd3 Nxd1 31.Qxc2 Ne3+  0-1

[Event "Regionalliga SW9596"]
[Site "Bayern"]
[Date "1995.??.??"]
[Round "?"]
[White "Schmeidler, Martin"]
[Black "Till, Eugen"]
[Result "1/2-1/2"]
[WhiteElo "2075"]
[BlackElo "2045"]

1.c4 Nf6 2.Nc3 c5 3.Nf3 e6 4.d4 cxd4 5.Nxd4 b6 6.Ndb5 Bb7 7.Bf4 Na6 8.Nd6+ Bxd6
9.Bxd6 Qc8 10.Nb5 Bc6 11.Rc1 Qb7 12.Be5 O-O 13.Nd6 Qb8 14.Bxf6 gxf6 15.Rc3 Rd8
16.e4 Nc5 17.Qd4 e5 18.Qd1 Kf8 19.f3 Ne6 20.Rd3 Nd4 21.Rxd4 exd4 22.Qxd4 Ke7
23.e5 Rf8 24.Qh4 Kd8 25.Qxf6+ Kc7 26.b4 Qd8 27.Qf4 Qe7 28.Kf2 f6 29.Nf7 fxe5
30.Qxe5+ Qxe5 31.Nxe5 Bb7 32.Bd3 Rae8 33.Ng4 Re7 34.Rd1 d6 35.Ne3 Ref7 36.Rc1 Kd7
37.Rd1 Kc7 38.Rc1 Kd7 39.c5 bxc5 40.bxc5 dxc5 41.Rxc5 Bxf3 42.gxf3 Rxf3+
43.Ke2 Rf2+ 44.Ke1 Rxa2 45.Rc2  1/2-1/2

[Event "Regionalliga SW9495"]
[Site "Bayern"]
[Date "1995.??.??"]
[Round "1"]
[White "Stoer, Andreas"]
[Black "Fischer, Hans"]
[Result "0-1"]
[WhiteElo "2120"]
[BlackElo "2155"]

1.c4 Nf6 2.Nc3 c5 3.Nf3 e6 4.g3 b6 5.Bg2 Bb7 6.O-O Be7 7.d4 cxd4 8.Qxd4 d6
9.Rd1 a6 10.b3 Nbd7 11.Bb2 O-O 12.Rac1 Qc7 13.Bh3 Rfd8 14.e4 Rac8 15.Re1 Qb8
16.Re2 Qa8 17.Ng5 h6 18.Nd5 Bxd5 19.exd5 e5 20.Qd2 hxg5 21.Bf5 g4 22.h3 gxh3
23.Bxh3 b5 24.Bf5 bxc4 25.bxc4 g6 26.Bb1 Bf8 27.f4 Ng4  0-1

[Event "Oberliga Bayern9495"]
[Site "Bayern"]
[Date "1995.??.??"]
[Round "5"]
[White "Gross, David"]
[Black "Heinz, Juergen"]
[Result "1/2-1/2"]
[WhiteElo "2390"]
[BlackElo "2270"]

1.Nf3 Nf6 2.c4 c5 3.Nc3 e6 4.d4 d5 5.cxd5 exd5 6.g3 Nc6 7.Bg2 Be7 8.O-O O-O
9.Bg5 Be6 10.dxc5 Rc8 11.Rc1 h6 12.Bxf6 Bxf6 13.Qa4 Qe7 14.Rfd1 Rfd8 15.e3 a6
16.Nd4 Ne5 17.Nb3 Nc4 18.Nxd5 Bxd5 19.Rxd5 Rxd5 20.Bxd5 Nxb2 21.Qe4 Rc7 22.Rc2 Qxe4
23.Bxe4 Na4 24.Na5 Nc3 25.Bxb7 Rxc5 26.Nb3 Rc4 27.Nd4 a5 28.Ba6 Rc7 29.Kf1 Kf8
30.Ke1 Ke8 31.Nb5 Rc6 32.Nxc3 Rxc3 33.Rd2 Ke7 34.Ke2 Be5 35.Rd5 Bc7 36.Bb5 Bd6
37.Ba4 Rc5 38.Rd3 g5 39.Bb3 g4 40.e4 Rh5 41.Rd5 Rxh2 42.Kf1 Rh1+ 43.Kg2 Rc1
44.Rxa5 Bc5 45.Rb5 Kd6 46.Rb7 f6 47.Rh7 Re1 48.Rxh6 Bd4 49.e5+ Bxe5 50.Rg6 Re4
51.a4 Rb4 52.Bd1 Rd4 53.Bxg4 Rxa4 54.f4 Bd4 55.Kf3 Ra5 56.Rg7 f5 57.Rg6+ Ke7
58.Bxf5 Rxf5 59.Ke4 Rf6 60.Rxf6  1/2-1/2

[Event "Belgrade Trako"]
[Site "Belgrade"]
[Date "1995.??.??"]
[Round "5"]
[White "Arsovic, Goran"]
[Black "Cosma, Ioan"]
[Result "0-1"]
[WhiteElo "2385"]
[BlackElo "2440"]

1.Nf3 Nf6 2.c4 c5 3.Nc3 e6 4.g3 b6 5.Bg2 Bb7 6.O-O d6 7.Re1 Be7 8.e4 a6 9.d4 cxd4
10.Nxd4 Qc7 11.Be3 O-O 12.f4 Nc6 13.Rc1 Nxd4 14.Bxd4 Nd7 15.b3 Rad8 16.Qe2 Bf6
17.Bxf6 Nxf6 18.h3 Qb8 19.Red1 Ba8 20.Rd4 b5 21.Rcd1 bxc4 22.bxc4 Qb4 23.Qd2 Rc8
24.Nd5 Nxd5 25.cxd5 Qa3 26.Rd3 Qc5+ 27.Qe3 exd5 28.Qxc5 Rxc5 29.exd5 Rb8
30.R1d2 g6 31.Kf2 Kg7 32.Bf3 Rb4 33.Ke3 h5 34.Rb3 Rxb3+ 35.axb3 a5 36.Kd4 Bb7
37.Rd3 Bc8 38.h4 Bf5 39.Rc3 Rb5 40.Bd1 Kf6 41.Rc6 Ke7 42.Rc7+ Ke8 43.Ra7 Bh3
44.Ra8+ Ke7 45.Ra7+ Kf6 46.Ra6 Bg2 47.Rxd6+ Ke7 48.Be2 Kxd6 49.Bxb5 Bxd5
50.Bc4 Bxc4 51.Kxc4 Kc6 52.Kd4 Kb5 53.Kc3 Kc5 54.Kc2 Kd4 55.Kb2 Kd3 56.Ka3 f5
57.Ka4 Kc2 58.Ka3 Kb1 59.b4 axb4+ 60.Kxb4 Kc2  0-1

[Event "Belgrade Trako"]
[Site "Belgrade"]
[Date "1995.??.??"]
[Round "10"]
[White "Arsovic, Zoran"]
[Black "Cosma, Ioan"]
[Result "1/2-1/2"]
[WhiteElo "2430"]
[BlackElo "2440"]

1.Nf3 Nf6 2.c4 c5 3.Nc3 e6 4.e3 Nc6 5.d4 d5 6.cxd5 Nxd5 7.Bd3 cxd4 8.exd4 Be7
9.O-O O-O 10.Re1 Bf6  1/2-1/2

[Event "Berliner Sommer"]
[Site "Berlin"]
[Date "1995.??.??"]
[Round "4"]
[White "Peschel, Andreas"]
[Black "Oezen, Alf"]
[Result "1-0"]
[WhiteElo "2175"]
[BlackElo "1865"]

1.c4 c5 2.Nf3 Nf6 3.Nc3 b6 4.g3 Bb7 5.Bg2 e6 6.O-O Be7 7.Qc2 d5 8.cxd5 exd5
9.d4 O-O 10.Rd1 Nc6 11.dxc5 Bxc5 12.Nxd5 Nd4 13.Nxd4 Nxd5 14.Qb3 Qf6 15.Nf3 Nb4
16.Bg5 Qf5 17.Bf4 Bd5 18.Rxd5 Qxd5 19.Qa4 b5 20.Qa5 Rac8 21.Ne5 Qd4 22.a3 Qxf2+
23.Kh1 Nc2 24.Rc1 Be3 25.Nc6 Bxc1 26.Ne7+ Kh8 27.Nxc8 Bxf4 28.gxf4 Ne3 29.Bh3 Qxe2  1-0

[Event "Berliner Sommer"]
[Site "Berlin"]
[Date "1995.??.??"]
[Round "4"]
[White "Piarnpuu, Leili"]
[Black "Ulibin, Mikhail"]
[Result "0-1"]
[WhiteElo "2240"]
[BlackElo "2545"]

1.Nf3 c5 2.c4 Nf6 3.Nc3 e6 4.g3 b6 5.Bg2 Bb7 6.O-O Be7 7.d4 cxd4 8.Qxd4 d6
9.Rd1 a6 10.Bg5 Nbd7 11.Qd2 O-O 12.Bf4 Ne8 13.e4 Qc7 14.Rac1 Rd8 15.b3 Qb8
16.Qe2 Qa8 17.Ne1 h6 18.f3 Qb8 19.Nd3 Nef6 20.Kh1 Rfe8 21.Qf2 Rc8 22.g4 Nh7
23.Be3 Nc5 24.Nxc5 bxc5 25.f4 Qa8 26.h3 Red8 27.Re1 Bf6 28.Bd2 Bd4 29.Qe2 Bc6
30.g5 hxg5 31.fxg5 Nf8 32.Bf4 Qb7 33.Qf3 Ng6 34.Bg3 Qe7 35.h4 Ne5 36.Qe2 g6
37.Nd1 Kg7 38.Nf2 Rh8 39.Nh3 Rh7 40.Rf1 Rch8 41.Rf4 Rb8 42.Rcf1 a5 43.Bf2 Bxf2
44.Qxf2 a4 45.Qc2 axb3 46.axb3 Rbh8 47.Qc3 Rxh4 48.Rxf7+ Qxf7 49.Rxf7+ Kxf7
50.Qa5 Rxh3+ 51.Bxh3 Rxh3+ 52.Kg2 Rd3 53.Qc7+ Ke8 54.Qc8+ Ke7 55.Qc7+ Bd7
56.Qb8 Nf7 57.b4 cxb4 58.Qxb4 Bc6 59.Kf2 Nxg5 60.e5 Nh3+ 61.Kf1 Bf3 62.exd6+ Kf7  0-1

[Event "Berliner Sommer"]
[Site "Berlin"]
[Date "1995.??.??"]
[Round "4"]
[White "Espig, Lutz"]
[Black "Shipov, Sergei"]
[Result "0-1"]
[WhiteElo "2415"]
[BlackElo "2510"]

1.Nf3 Nf6 2.c4 c5 3.Nc3 e6 4.g3 b6 5.Bg2 Bb7 6.O-O Be7 7.d4 cxd4 8.Qxd4 d6
9.Rd1 a6 10.b3 Nbd7 11.e4 Qc8 12.Bb2 O-O 13.Qe3 Qc7 14.h3 Rfe8 15.Rac1 Rad8
16.Qe2 Qb8 17.Re1 Bf8 18.Nd2 g6 19.Nf1 Bg7 20.Rcd1 Nc5 21.Qc2 Ba8 22.Ne3 Rc8
23.Qb1 h5 24.h4 Bc6 25.Ba1 b5 26.b4 Ncd7 27.cxb5 axb5 28.Qd3 Bf8 29.f4 Qa8
30.Re2 Be7 31.Bb2 Red8 32.Nc2 Ng4 33.Nd4 Bf6 34.Kh1 Nde5 35.Qb1 Nc4 36.Nxc6 Nxb2
37.e5 Nxd1 38.Qxd1 Rxc6 39.exf6 Qc8 40.Bxc6 Qxc6+ 41.Ne4 Qxe4+  0-1

[Event "Berliner Sommer"]
[Site "Berlin"]
[Date "1995.??.??"]
[Round "6"]
[White "Von Herman, Ulf"]
[Black "Shipov, Sergei"]
[Result "1/2-1/2"]
[WhiteElo "2380"]
[BlackElo "2510"]

1.c4 Nf6 2.Nc3 c5 3.Nf3 e6 4.e3 a6 5.d4 d5 6.dxc5 Bxc5 7.a3 O-O 8.b4 Bd6
9.cxd5 exd5 10.Bb2 Nc6 11.Be2 Bg4 12.h3 Be6 13.Qd3 Rc8 14.Rc1 Bb8 15.Qb1 Qe7
16.Qa1 Rfd8 17.Na4 Ba7 18.O-O b5 19.Nc5 Bxc5 20.bxc5 Na5 21.a4 Nc4 22.axb5 Nxb2
23.Qxb2  1/2-1/2

[Event "Berliner Sommer"]
[Site "Berlin"]
[Date "1995.??.??"]
[Round "8"]
[White "Kahn, Manfred"]
[Black "Prudlo, Simon"]
[Result "1-0"]
[WhiteElo "2230"]
[BlackElo "2030"]

1.c4 Nf6 2.Nc3 c5 3.Nf3 g6 4.e3 Bg7 5.d4 O-O 6.Be2 d6 7.O-O Nc6 8.d5 Na5
9.e4 Bg4 10.Nd2 Bxe2 11.Qxe2 a6 12.b3 Nxd5 13.exd5 Bxc3 14.Rb1 Qd7 15.Ne4 Bg7
16.Bd2 b6 17.f4 Nb7 18.a4 e5 19.fxe5 dxe5 20.Nf6+ Bxf6 21.Rxf6 Qe7 22.Rxb6 f5
23.Re6  1-0

[Event "GER-ch"]
[Site "Binz"]
[Date "1995.??.??"]
[Round "6"]
[White "Bischoff, Klaus"]
[Black "Molinaroli, Martin"]
[Result "1/2-1/2"]
[WhiteElo "2550"]
[BlackElo "2310"]

1.Nf3 Nf6 2.c4 g6 3.Nc3 c5 4.d4 cxd4 5.Nxd4 Bg7 6.e4 d6 7.Be2 O-O 8.O-O Nc6
9.Be3 Bd7 10.Qd2 Nxd4 11.Bxd4 Bc6 12.f3 Qd7 13.b4 b6 14.a4 Nh5 15.a5 Bxd4+
16.Qxd4 bxa5 17.Rxa5 a6 18.Rfa1 e5 19.Qd2 Rfb8 20.b5 axb5 21.Rxa8 Rxa8 22.Rxa8+ Bxa8
23.Nxb5 Bc6 24.Qxd6 Bxb5 25.Qb8+ Kg7 26.Qxe5+ f6 27.Qxb5 Qd4+ 28.Kf1 Qa1+
29.Kf2 Qd4+ 30.Kf1 Qa1+ 31.Kf2 Qd4+ 32.Kf1  1/2-1/2

[Event "GER-ch"]
[Site "Binz"]
[Date "1995.??.??"]
[Round "8"]
[White "Wesseln, Kai"]
[Black "Molinaroli, Martin"]
[Result "1/2-1/2"]
[WhiteElo "2365"]
[BlackElo "2310"]

1.Nf3 Nf6 2.c4 g6 3.Nc3 c5 4.d4 cxd4 5.Nxd4 Bg7 6.e4 d6 7.Be2 O-O 8.O-O Nc6
9.Be3 Bd7 10.Rc1 Nxd4 11.Bxd4 Bc6 12.f3 a5 13.b3 Nd7 14.Be3 Nc5 15.a3 Qb6
16.Nb5 Qd8 17.b4 axb4 18.axb4 Ne6 19.Nd4 Nxd4 20.Bxd4 Bxd4+ 21.Qxd4 Ra2 22.Rf2 b6
23.Bf1 Ra4 24.Rb2 Qc7 25.h4 Rfa8 26.h5 h6 27.hxg6 fxg6 28.c5 bxc5 29.Qe3 Kh7
30.bxc5 d5 31.exd5 Bxd5 32.c6 Qa7 33.Qxa7 R4xa7 34.c7 Rc8 35.Rbc2 Kg7 36.Rc5 Be6
37.Re1 Kf7 38.Rec1 Bd7 39.Bd3 e6 40.Kf2 g5 41.Kg3 Ke7 42.Kg4 Be8 43.Rh1 h5+
44.Kxg5 Raxc7 45.Rxc7+ Rxc7 46.Bg6 Bxg6 47.Kxg6 Rc2 48.Rh2 h4 49.Kg5  1/2-1/2

[Event "Bled op-B"]
[Site "Bled"]
[Date "1995.??.??"]
[Round "7"]
[White "Dezelak, B."]
[Black "Rusjan, Miran"]
[Result "1/2-1/2"]
[WhiteElo "2150"]
[BlackElo "2235"]

1.Nf3 Nf6 2.c4 c5 3.Nc3 e6 4.e4 Nc6 5.d3 d6 6.d4 cxd4 7.Nxd4 a6 8.Be2 Be7
9.O-O O-O 10.Be3 Qc7 11.Rc1 Rb8 12.f3 Bd7 13.Kh1 Nxd4 14.Bxd4 Bc6 15.b4 b6
16.a4 Nd7 17.Qd2 Bf6 18.Rfd1 Rfd8 19.Qe1 Bxd4 20.Rxd4 Nf8 21.Rd2 Qe7 22.Qf2 d5
23.b5 axb5 24.axb5 Qa3 25.Qg1 Ba8 26.cxd5 Rbc8 27.Rdc2 exd5 28.Nb1 Rxc2 29.Nxa3 Rxe2
30.Qd1 Ra2 31.Qb3 Rd2 32.e5 d4 33.Nc4 Bd5 34.Qb4 Ra2 35.Nxb6 Be6 36.h3 d3
37.Rd1 h6 38.Nc4 Ng6 39.b6 Rc2 40.Nb2 d2 41.b7 Rb8 42.Rxd2 Rxd2 43.Qxd2 Rxb7
44.Qd8+ Kh7 45.Nd1 Rb1 46.Kh2 Rb5 47.Ne3 Nxe5 48.f4 Ng6 49.Qd3 Rb3 50.Qe4 Kg8
51.f5 Rxe3 52.Qxe3 Bxf5 53.Qe8+ Nf8 54.Kg3 Be6 55.h4 h5 56.Kf4 g6 57.Ke5 Kg7
58.Kd6 Nd7 59.Qa8 Kh7 60.Qa1 Nf8 61.Ke7 Nd7 62.Kd6 Nf8 63.Ke5 Nd7+ 64.Kf4 Nb6
65.Qd4 Nd7 66.Kg5 Nf8 67.Qf2 Nd7 68.Qf1 Kg7 69.Qa1+ Kh7 70.Qd4 Nf8 71.Qf2  1/2-1/2

[Event "Bled op"]
[Site "Bled"]
[Date "1995.??.??"]
[Round "7"]
[White "Polajzer, Danilo"]
[Black "Dewenter, Ulf"]
[Result "1/2-1/2"]
[WhiteElo "2430"]
[BlackElo "2315"]

1.Nf3 Nf6 2.c4 c5 3.Nc3 d5 4.cxd5 Nxd5 5.e4 Nxc3 6.dxc3 Qxd1+ 7.Kxd1 f6 8.Be3 e6
9.a4 Kf7 10.Kc2 Nc6 11.a5 Bd7 12.Bb5 Be7 13.Rhd1 Be8 14.Bc4 Rd8 15.Rxd8 Nxd8
16.Nd2 Nc6 17.Nb3 Ne5 18.Be2 Bc6 19.Nd2 Nd7 20.f4 b5 21.axb6 axb6 22.Ra7 Bd6
23.Bc4 Ke7 24.Ra1 Ra8 25.Rxa8 Bxa8 26.Bb5 Bc7 27.Kd3 f5 28.g3 Nf6 29.exf5 exf5
30.Bg1 Ne4 31.Nxe4 Bxe4+ 32.Kc4 Bf3 33.Kd3 Be4+ 34.Ke3 Bd5 35.Bf2 Kd6 36.Bd3 Be6
37.c4 Bd8  1/2-1/2

[Event "Bled op"]
[Site "Bled"]
[Date "1995.??.??"]
[Round "9"]
[White "Polajzer, Danilo"]
[Black "Valenta, Vit"]
[Result "1-0"]
[WhiteElo "2430"]
[BlackElo "2235"]

1.Nf3 Nf6 2.c4 c5 3.Nc3 d5 4.cxd5 Nxd5 5.e4 Nxc3 6.bxc3 Qa5 7.Be2 Nc6 8.O-O e5
9.Bc4 Bd6 10.Ng5 Nd8 11.f4 f6 12.fxe5 Bxe5 13.Nf3 Qc7 14.Nxe5 Qxe5 15.d4 cxd4
16.cxd4 Qc7 17.Bb5+ Bd7 18.Bf4 Qb6 19.Bxd7+ Kxd7 20.Rb1 Qe6 21.d5 Qf7 22.e5  1-0

[Event "SWE-chB"]
[Site "Borlange"]
[Date "1995.??.??"]
[Round "?"]
[White "Madebrink, Lars"]
[Black "Zetterberg, Staffan"]
[Result "1-0"]
[WhiteElo "2290"]
[BlackElo "2170"]

1.c4 Nf6 2.Nc3 c5 3.Nf3 d5 4.cxd5 Nxd5 5.g3 Nc6 6.Bg2 Nc7 7.O-O e5 8.b3 Be7
9.Bb2 O-O 10.Rc1 f6 11.Ne1 Bd7 12.Nd3 Rc8 13.f4 exf4 14.Nxf4 b6 15.e3 Bd6
16.Ne4 Be5 17.d4 cxd4 18.exd4 Bxf4 19.gxf4 Nd5 20.Qf3 Be6 21.f5 Bf7 22.Qg3 Re8
23.Nd6 Re3 24.Nxf7  1-0

[Event "SWE-ch"]
[Site "Borlange"]
[Date "1995.??.??"]
[Round "4"]
[White "Akesson, Ralf"]
[Black "Ornstein, Axel"]
[Result "1/2-1/2"]
[WhiteElo "2465"]
[BlackElo "2450"]

1.c4 Nf6 2.Nc3 c5 3.Nf3 e6 4.g3 b6 5.Bg2 Bb7 6.O-O Be7 7.Re1 O-O 8.e4 Nc6
9.b3 Qb8 10.Bb2 d6 11.d4 cxd4 12.Nxd4 Nxd4 13.Qxd4 Rd8 14.a4 Bf8 15.a5 bxa5
16.Rxa5 Bc6 17.Rb1 Qb6 18.Qxb6 axb6 19.Rxa8 Rxa8 20.Kf1  1/2-1/2

[Event "BRA-ch"]
[Site "?"]
[Date "1995.??.??"]
[Round "1"]
[White "Sunye Neto, Jaime"]
[Black "Van Riemsdijk, Herman C"]
[Result "1/2-1/2"]
[WhiteElo "2510"]
[BlackElo "2370"]

1.c4 Nf6 2.Nc3 c5 3.Nf3 e6 4.e3 Nc6 5.d4 cxd4 6.exd4 d5 7.cxd5 Nxd5 8.Bd3 Bb4
9.Bd2 O-O 10.O-O Be7 11.a3 Bf6 12.Be3 Nxe3 13.fxe3 g6 14.Be4 Bd7 15.Qe2 Rb8
16.Rad1 Bg7 17.Bb1 Qa5 18.Nd2 Ne7 19.Nb3 Qc7 20.Nc5 Bc6 21.Ba2 Rbe8 22.e4 b6
23.Na6 Qd7 24.e5 Nd5 25.Nb4 Nxc3 26.bxc3 Bb5 27.c4 Ba4 28.Rd3 Rd8 29.d5 a5
30.dxe6 Qxe6 31.Rxd8 Rxd8 32.Nd3 Qd7 33.Nb2 Qd4+ 34.Kh1 Qd2 35.Qxd2 Rxd2
36.Nxa4 Rxa2 37.Nxb6 Rxa3 38.Nd7 Re3 39.c5 Bxe5 40.Nxe5 Rxe5 41.Rc1 Kf8 42.c6 Re8
43.c7 Rc8 44.h3 Ke7 45.Rc5 Kd6 46.Rxa5 Rxc7 47.Kh2 f5 48.Kg3 Ke6 49.Kf4 Kf6
50.Ra6+ Kg7 51.g4 Rf7  1/2-1/2

[Event "Brno-A"]
[Site "Brno"]
[Date "1995.??.??"]
[Round "8"]
[White "Kratochwil, Christian"]
[Black "Kalod, Radek"]
[Result "0-1"]
[WhiteElo "2360"]
[BlackElo "2220"]

1.c4 Nf6 2.Nf3 c5 3.Nc3 e6 4.g3 b6 5.Bg2 Bb7 6.O-O Be7 7.Re1 d6 8.e4 a6 9.d4 cxd4
10.Nxd4 Qc7 11.Be3 O-O 12.Rc1 Nbd7 13.f4 Rfe8 14.f5 Bf8 15.fxe6 fxe6 16.Bh3 Nc5
17.b4 Ncxe4 18.Nxe6 Qxc4 19.Na4 Qxb4 20.Nxb6 Rab8 21.Nc7 Ng5 22.Bxg5 Qxb6+
23.Kf1 Ne4 24.Qe2 Nxg5 25.Nxe8 Nxh3 26.Qe6+ Kh8 27.Qf7 Qg1+ 28.Ke2 Qg2+ 29.Kd3 Qd5+
30.Qxd5 Bxd5 31.Nc7 Bxa2 32.Nxa6 Rd8 33.Nb4 Bf7 34.Rf1 Bg6+ 35.Kd2 d5 36.Nc6 Rc8
37.Ne7 Rd8 38.Nc6 Re8 39.Rce1 Be4 40.Rf5 g6 41.Rxd5 Ng5 42.Kc3 Re6 43.Rxg5 Rxc6+
44.Kd4 Bg7+ 45.Kxe4 Re6+ 46.Kf3 Rxe1 47.Rd5 Kg8 48.Rd7 Bf6 49.Rd2 Kf7 50.Ra2 Ra1
51.Rd2 Ke6 52.Rc2 Ra3+ 53.Kg2 Be5 54.Rd2 Rb3 55.Kh3 h5 56.Ra2 g5 57.Ra8 Rb2  0-1

[Event "Bucharest"]
[Site "Bucharest"]
[Date "1995.??.??"]
[Round "6"]
[White "Musat, Adrian"]
[Black "Manolache, Marius"]
[Result "1/2-1/2"]
[WhiteElo "2380"]
[BlackElo "2375"]

1.Nf3 Nf6 2.c4 c5 3.Nc3 g6 4.d4 Bg7 5.e4 d6 6.Be2 O-O 7.O-O Bg4 8.Be3 Nfd7
9.d5 Na6 10.Qd2 Bxf3 11.Bxf3 Nc7 12.Rab1 b6 13.Bg4 Ne5 14.Be2  1/2-1/2

[Event "HUN-ch"]
[Site "Budapest"]
[Date "1995.??.??"]
[Round "2"]
[White "Petran, Pal"]
[Black "Adorjan, Andras"]
[Result "0-1"]
[WhiteElo "2470"]
[BlackElo "2530"]

1.Nf3 c5 2.c4 Nf6 3.Nc3 e6 4.e3 g6 5.d4 Bg7 6.Bd3 O-O 7.O-O cxd4 8.exd4 d5
9.Qe2 Nc6 10.Rd1 Nb4 11.b3 b6 12.Ba3 a5 13.Nb5 Ba6 14.Rac1 Bh6 15.Bxb4 axb4
16.Rc2 dxc4 17.bxc4 Bxb5 18.cxb5 Nd5 19.Be4 Nc3 20.Rxc3 bxc3 21.Bxa8 Qxa8
22.Qc2 Qa3 23.Ne5 Ra8  0-1

[Event "Budapest FS12 IM"]
[Site "Budapest"]
[Date "1995.??.??"]
[Round "5"]
[White "Mijailovic, Zoran"]
[Black "Kasantsev, Anatolij B"]
[Result "1-0"]
[WhiteElo "2360"]
[BlackElo "2300"]

1.Nf3 Nf6 2.c4 c5 3.Nc3 d5 4.cxd5 Nxd5 5.Qa4+ Nc6 6.Ne5 Nxc3 7.dxc3 Qa5 8.Qxa5 Nxa5
9.e4 a6 10.b4 f6 11.bxa5 fxe5 12.Rb1 e6 13.Be3 Bd6 14.Kd2 Rb8 15.Rb6 Bc7
16.Rb2 Bd6 17.Bc4 Kf7 18.Rhb1 Ra8 19.Kc2 Rd8 20.Rd1 Bc7 21.Rxd8 Bxd8 22.Bxc5 Bxa5
23.Bb6 Bxb6 24.Rxb6 Ra7 25.Kb3 Bd7 26.Kb4 Bc6 27.f3 Ra8 28.Kc5 Rc8 29.Kd6 Kf6
30.Bxe6 Rd8+ 31.Kc7 Rd2 32.Bd5 Rxg2 33.h4 Rh2 34.Bxc6 bxc6 35.Kxc6 Rxa2 36.Kd5+ Ke7
37.Rb7+ Kf6 38.Rb6+ Ke7 39.Kxe5 Ra5+ 40.Kf4 Rc5 41.Rxa6 Rxc3 42.h5 Rc5 43.h6 g5+
44.Kg4 Kf7 45.Rd6  1-0

[Event "Budapest FS10 IM-B"]
[Site "Budapest"]
[Date "1995.??.??"]
[Round "5"]
[White "Shurygin, Sergey"]
[Black "Krutti, Valer"]
[Result "1-0"]
[WhiteElo "2365"]
[BlackElo "2355"]

1.c4 Nf6 2.Nc3 c5 3.Nf3 b6 4.g3 Bb7 5.Bg2 g6 6.O-O Bg7 7.d4 cxd4 8.Nxd4 Bxg2
9.Kxg2 O-O 10.e4 Qc7 11.Qe2 Nc6 12.Nc2 d6 13.Bg5 e6 14.Nb5 Qe7 15.Rad1 Rfd8
16.f3 a6 17.Nc3 Qc7 18.Ne3 h6 19.Bxf6 Bxf6 20.Ncd5  1-0

[Event "Budapest Mediflora"]
[Site "Budapest"]
[Date "1995.??.??"]
[Round "7"]
[White "Feher, Gyula"]
[Black "Horvath, Jozsef"]
[Result "1/2-1/2"]
[WhiteElo "2420"]
[BlackElo "2515"]

1.Nf3 Nf6 2.c4 c5 3.Nc3 d5 4.cxd5 Nxd5 5.e4 Nb4 6.Bc4 Nd3+ 7.Ke2 Nf4+ 8.Kf1 Ne6
9.Ne5 g6 10.Qa4+ Bd7 11.Bxe6 fxe6 12.Nxd7 Qxd7 13.Qxd7+ Kxd7 14.d3 Nc6 15.Be3 b6
16.h4 h5 17.Rh3 Bg7 18.Rg3 Bf6 19.Rxg6 Ne5 20.Rg3 Nxd3 21.Rd1 c4 22.b3 Kc6
23.bxc4 Nb2 24.Rc1 Nd3 25.Rd1 Nb2 26.Rc1 Nd3  1/2-1/2